000 00372nam a2200157 4500
020 _a9789397079949
082 _aM301
_bASW/E
100 _aAswathy R
245 _aEzhu pennunga/
_cby Aswathy R
260 _aThrissur:
_bBooker Media,
_c2023.
300 _a64p.
650 _aStories Malayalam
650 _aLiterature Malayalam
650 _aLiterature
942 _cBK
999 _c181546
_d181546